000 00370nam a22001577a 4500
005 20180711115630.0
008 160628b xxu||||| |||| 00| 0 eng d
041 _aeng
082 _b10943
_a658.15
100 _aInamdar, Prof. Satish
_93106
245 _aFinancial Management
260 _bSymbions
_c2004
300 _a505p,
650 _aManagement
_9241
942 _cBK
999 _c4525
_d4524